000 00324 a2200145 4500
001 151449
040 _cEscola São Tomás de Aquino
100 _aDUMONT, Ângela
240 1 0 _aÁguas emendadas
_lpor
245 1 0 _aÁguas emendadas
362 0 _a1998
440 1 _aModerna
697 _a*LITERATURA INFANTO
942 _cBK
999 _c151449
_d151449